000 00471nmc a2200193 a 4500
003 AR-X00000XY
005 20251128212028.0
008 187020s1956 ||||||||||||||000 | spa||
040 _cAR-X00000XY
245 1 0 _aPoesía moderna del Brasil
260 _aBuenos Aires
_bRaigal
_c1956
300 0 _a252 p.
490 0 _aLa poesía
655 _aLITERATURA
700 1 _aNavarro, Raúl
_ecompilador
800 1 _aBarbieri, Vicente
942 _cBK
998 _cmartin
999 _c22148
_d22148